[Event "Eesti naiste MV"]
[Site "Tallinn"]
[Date "2005.05.12"]
[Round "4"]
[White "Kõrge, Kersti"]
[Black "Tsõganova, Monika"]
[Result "0-1"]
[WhiteElo "1936"]
[BlackElo "2266"]
[PlyCount "86"]
[EventDate "2005.05.10"]
[EventType "tourn"]
[EventRounds "1"]
[EventCountry "EST"]
[SourceDate "2005.05.13"]

1. e4 c5 2. c3 d5 3. exd5 Qxd5 4. d4 Nf6 5. Nf3 e6 6. Na3 cxd4 7. Nb5 Qd8 8.
Bf4 Nd5 9. Bg3 dxc3 10. Nxc3 Nc6 11. Bc4 Nxc3 12. Qxd8+ Nxd8 13. bxc3 a6 14.
Rd1 b5 15. Be2 Bb7 16. O-O Rc8 17. Rd3 Bd5 18. Nd4 Be7 19. Ra1 Nb7 20. Bf3 Nc5
21. Rdd1 Bxf3 22. Nxf3 O-O 23. Bd6 Bxd6 24. Rxd6 Rfd8 25. Rad1 Rxd6 26. Rxd6
Kf8 27. Ne5 Ke7 28. Rb6 f6 29. Nc6+ Kd7 30. Na5 Rc7 31. Kf1 h5 32. Ke2 Na4 33.
Rxa6 Nxc3+ 34. Kd2 Nxa2 35. Rb6 Nc3 36. Nb3 Ne4+ 37. Ke2 Nd6 38. Nd4 Rc5 39.
Ra6 Re5+ 40. Kf3 Nf5 41. Ra7+ Kd6 42. Ra6+ Kc5 43. Nxe6+ Rxe6 0-1

[Event "Eesti naiste MV"]
[Site "Tallinn"]
[Date "2005.05.12"]
[Round "4"]
[White "Vahtra, Tuuli"]
[Black "Käos, Kreete"]
[Result "1-0"]
[WhiteElo "2007"]
[BlackElo "1872"]
[PlyCount "83"]
[EventDate "2005.05.10"]
[EventType "tourn"]
[EventRounds "1"]
[EventCountry "EST"]
[SourceDate "2005.05.13"]

1. e3 Nf6 2. f4 Nc6 3. Bb5 d6 4. Nf3 Bd7 5. O-O a6 6. Bxc6 Bxc6 7. b3 g6 8. Bb2
Bg7 9. Qe1 e6 10. d3 O-O 11. Nbd2 d5 12. Ne5 Qd6 13. Ndf3 Ng4 14. a4 Qc5 15.
Bd4 Qxc2 16. Nxg4 Qxb3 17. Bxg7 Kxg7 18. Qh4 f6 19. Nd4 Qxd3 20. Nxe6+ Kh8 21.
Nxf8 Rxf8 22. Rfe1 d4 23. Nxf6 Rf7 24. e4 Qc2 25. Nxh7 Rxh7 26. Qd8+ Kg7 27.
Qxd4+ Kg8 28. Qd8+ Kg7 29. Qxc7+ Kg8 30. Qd8+ Kg7 31. Qd4+ Kg8 32. Qf2 Bxe4 33.
Qxc2 Bxc2 34. a5 Rd7 35. Ra3 Kg7 36. Rae3 Kf6 37. Re5 Ba4 38. g4 Rd4 39. g5+
Kf7 40. Re7+ Kf8 41. Rxb7 Rxf4 42. Rf1 1-0

[Event "Eesti naiste MV"]
[Site "Tallinn"]
[Date "2005.05.12"]
[Round "5"]
[White "Käos, Kreete"]
[Black "Narva, Regina"]
[Result "0-1"]
[WhiteElo "1872"]
[BlackElo "2106"]
[PlyCount "54"]
[EventDate "2005.05.10"]
[EventType "tourn"]
[EventRounds "1"]
[EventCountry "EST"]
[SourceDate "2005.05.13"]

1. d4 c5 2. d5 d6 3. c4 g6 4. Nc3 Bg7 5. Qc2 a6 6. Nf3 Nf6 7. e4 b6 8. Bd3 O-O
9. O-O Ra7 10. Bf4 e5 11. dxe6 fxe6 12. Rad1 e5 13. Bg5 Be6 14. Nd5 Nc6 15. a3
Qb8 16. b4 Bg4 17. Be2 Bxf3 18. Bxf3 Nd4 19. Qd3 Nxd5 20. exd5 Nxf3+ 21. gxf3
Raf7 22. Kg2 Qc8 23. Bc1 cxb4 24. f4 exf4 25. axb4 f3+ 26. Kh1 Qh3 27. Rg1 Be5
0-1

[Event "Eesti naiste MV"]
[Site "Tallinn"]
[Date "2005.05.12"]
[Round "5"]
[White "Tsõganova, Monika"]
[Black "Vahtra, Tuuli"]
[Result "1-0"]
[WhiteElo "2266"]
[BlackElo "2007"]
[PlyCount "55"]
[EventDate "2005.05.10"]
[EventType "tourn"]
[EventRounds "1"]
[EventCountry "EST"]
[SourceDate "2005.05.13"]

1. d4 d5 2. c4 c6 3. Nf3 Nf6 4. Nc3 e6 5. e3 Be7 6. Qc2 O-O 7. Bd3 dxc4 8. Bxc4
c5 9. dxc5 Bxc5 10. O-O Nbd7 11. a3 a6 12. b4 Be7 13. Bb2 b5 14. Bd3 Bb7 15.
Rfd1 Rc8 16. Rac1 h6 17. Qe2 Qb6 18. e4 e5 19. Bb1 Bd6 20. Ba2 Bb8 21. Nh4 Kh7
22. Rd3 Rce8 23. Rcd1 Bc6 24. Nf5 Qb7 25. Bc1 Nb6 26. Rg3 g6 27. Qe3 g5 28.
Rxg5 1-0

[Event "Eesti naiste MV"]
[Site "Tallinn"]
[Date "2005.05.12"]
[Round "5"]
[White "Makarova, Natalja"]
[Black "Kõrge, Kersti"]
[Result "0-1"]
[WhiteElo "1915"]
[BlackElo "1936"]
[PlyCount "86"]
[EventDate "2005.05.10"]
[EventType "tourn"]
[EventRounds "1"]
[EventCountry "EST"]
[SourceDate "2005.05.13"]

1. d4 Nf6 2. c4 c5 3. d5 b5 4. Nf3 d6 5. e3 g6 6. b3 Bg7 7. Bb2 b4 8. Bd3 O-O
9. Qc2 Nbd7 10. Nbd2 Nb6 11. O-O a5 12. a3 Bd7 13. a4 Qc7 14. Rfe1 e6 15. dxe6
fxe6 16. e4 e5 17. Nf1 Nc8 18. Rad1 Ne7 19. h3 Nh5 20. Ne3 Nf4 21. Bf1 Rad8 22.
Nh2 Bc8 23. Be2 Nc6 24. Nd5 Qf7 25. Nxf4 Qxf4 26. Bg4 Nd4 27. Bxd4 exd4 28.
Bxc8 Rxc8 29. Rd3 Be5 30. Ng4 h5 31. Rf3 Qg5 32. Nxe5 dxe5 33. Rg3 Qf6 34. Rd1
Kh7 35. Rdd3 Qe7 36. Rdf3 Rxf3 37. Rxf3 Rf8 38. Qd3 Rxf3 39. Qxf3 Kg7 40. Kf1
Qg5 41. Ke2 Qc1 42. Qg3 Qc2+ 43. Kf1 Qd1# 0-1

[Event "Eesti naiste MV"]
[Site "Tallinn"]
[Date "2005.05.12"]
[Round "5"]
[White "Rõtova, Merike"]
[Black "Bashkite, Viktoria"]
[Result "0-1"]
[WhiteElo "1997"]
[BlackElo "2191"]
[PlyCount "78"]
[EventDate "2005.05.10"]
[EventType "tourn"]
[EventRounds "1"]
[EventCountry "EST"]
[SourceDate "2005.05.13"]

1. d4 Nf6 2. e3 d5 3. Bd3 g6 4. f4 Bg7 5. c3 O-O 6. Nd2 b6 7. Ndf3 c5 8. Ne2
Ba6 9. Bxa6 Nxa6 10. Ng3 Nc7 11. O-O Nb5 12. a4 Nd6 13. a5 cxd4 14. Nxd4 bxa5
15. Qa4 Nc4 16. b3 Nb6 17. Qxa5 h5 18. Ba3 Qd7 19. Bc5 h4 20. Nge2 h3 21. g3
Rfb8 22. Qb5 Qxb5 23. Nxb5 Nbd7 24. Nc7 Nxc5 25. Nxa8 Rxa8 26. b4 Nb3 27. Ra3
Nd2 28. Rfa1 Nfe4 29. Nd4 Bxd4 30. exd4 Nf3+ 31. Kf1 Nxh2+ 32. Ke2 Nxg3+ 33.
Ke3 Nhf1+ 34. Rxf1 Nxf1+ 35. Kf2 h2 36. Kg2 Kg7 37. Ra1 h1=Q+ 38. Kxh1 Ng3+ 39.
Kg2 Ne2 0-1

[Event "Eesti naiste MV"]
[Site "Tallinn"]
[Date "2005.05.12"]
[Round "5"]
[White "Fomina, Tatjana"]
[Black "Makarova, Kermen"]
[Result "1-0"]
[WhiteElo "2260"]
[BlackElo "1927"]
[PlyCount "65"]
[EventDate "2005.05.10"]
[EventType "tourn"]
[EventRounds "1"]
[EventCountry "EST"]
[SourceDate "2005.05.13"]

1. e4 c5 2. Nf3 Nc6 3. Bb5 g6 4. O-O Bg7 5. c3 a6 6. Bxc6 bxc6 7. Qe2 e5 8. Rd1
Qb6 9. Na3 Ne7 10. Qe3 d6 11. b4 Be6 12. bxc5 Qxc5 13. d4 Qa7 14. Ng5 O-O 15.
Nxe6 fxe6 16. Nc4 exd4 17. cxd4 Rad8 18. Ba3 c5 19. Qh3 Bxd4 20. Qxe6+ Kg7 21.
Rxd4 cxd4 22. Bxd6 Ng8 23. Bxf8+ Rxf8 24. Rd1 Nf6 25. f3 Rd8 26. Qb6 Qxb6 27.
Nxb6 Kf7 28. Kf2 Rd6 29. Nc4 Rd8 30. Ne5+ Ke6 31. Nc6 Rd7 32. Nxd4+ Kf7 33. e5
1-0

[Event "Eesti naiste MV"]
[Site "Tallinn"]
[Date "2005.05.12"]
[Round "5"]
[White "Gansvind, Valeria"]
[Black "Pärnpuu, Leili"]
[Result "1/2-1/2"]
[WhiteElo "2252"]
[BlackElo "2226"]
[PlyCount "34"]
[EventDate "2005.05.10"]
[EventType "tourn"]
[EventRounds "1"]
[EventCountry "EST"]
[SourceDate "2005.05.13"]

1. d4 e6 2. Nf3 Nf6 3. Bg5 c5 4. e3 Be7 5. Nbd2 b6 6. Bd3 Bb7 7. c3 Nc6 8. h3
cxd4 9. exd4 Nd5 10. Ne4 Qc7 11. Qc1 h6 12. Bd2 Nf6 13. Ng3 a6 14. Qd1 Bd6 15.
Ne4 Be7 16. Ng3 Bd6 17. Ne4 Be7 1/2-1/2

[Event "Eesti naiste MV"]
[Site "Tallinn"]
[Date "2005.05.13"]
[Round "6"]
[White "Narva, Regina"]
[Black "Pärnpuu, Leili"]
[Result "1/2-1/2"]
[WhiteElo "2106"]
[BlackElo "2226"]
[PlyCount "27"]
[EventDate "2005.05.10"]
[EventType "tourn"]
[EventRounds "1"]
[EventCountry "EST"]
[SourceDate "2005.05.13"]

1. e4 e5 2. Nc3 Nf6 3. g3 Bc5 4. h3 d6 5. Bg2 c6 6. Nf3 b5 7. d3 h6 8. O-O Be6
9. a3 Qd7 10. Kh2 Qc7 11. d4 Bb6 12. d5 Bd7 13. dxc6 Bxc6 14. Nh4 1/2-1/2

[Event "Eesti naiste MV"]
[Site "Tallinn"]
[Date "2005.05.13"]
[Round "6"]
[White "Makarova, Kermen"]
[Black "Gansvind, Valeria"]
[Result "0-1"]
[WhiteElo "1927"]
[BlackElo "2252"]
[PlyCount "82"]
[EventDate "2005.05.10"]
[EventType "tourn"]
[EventRounds "1"]
[EventCountry "EST"]
[SourceDate "2005.05.13"]

1. c4 e5 2. Nc3 Nc6 3. g3 d6 4. Bg2 Be6 5. d3 Qd7 6. Nf3 h6 7. O-O g6 8. Rb1
Bg7 9. Qc2 Bh3 10. b4 Bxg2 11. Kxg2 f5 12. b5 Nd8 13. Ng1 Ne6 14. e3 Ne7 15.
Nge2 O-O 16. f4 Rae8 17. Bb2 Kh8 18. Rbd1 Ng8 19. d4 exd4 20. exd4 Qc8 21. a4
Nf6 22. h3 Rf7 23. Rfe1 Nf8 24. Qd2 N8d7 25. Nc1 Rfe7 26. N1a2 Nb6 27. Rxe7
Rxe7 28. Qd3 Qe6 29. d5 Qf7 30. a5 Nbd7 31. Nb4 Nc5 32. Qc2 Nh5 33. Qf2 Kh7 34.
Re1 Qe8 35. Rxe7 Qxe7 36. Qf3 Qe1 37. Nd3 Qd2+ 38. Qe2 Qxd3 39. Qxd3 Nxd3 40.
Ba1 Nc5 41. Kf3 Ne4 0-1

[Event "Eesti naiste MV"]
[Site "Tallinn"]
[Date "2005.05.13"]
[Round "6"]
[White "Bashkite, Viktoria"]
[Black "Fomina, Tatjana"]
[Result "1-0"]
[WhiteElo "2191"]
[BlackElo "2260"]
[PlyCount "55"]
[EventDate "2005.05.10"]
[EventType "tourn"]
[EventRounds "1"]
[EventCountry "EST"]
[SourceDate "2005.05.13"]

1. Nf3 d5 2. g3 Bg4 3. Bg2 f6 4. d4 Qd7 5. h3 Bf5 6. c4 e6 7. a3 Nc6 8. Nc3
O-O-O 9. cxd5 exd5 10. Qa4 Kb8 11. b4 g5 12. b5 Nce7 13. Nd2 Nh6 14. Ra2 Nc8
15. Qb3 Be6 16. a4 Nb6 17. e3 Nf5 18. a5 Nc4 19. Nxc4 dxc4 20. Qb1 Bd6 21. a6
Nxg3 22. axb7 Bc5 23. dxc5 Bf5 24. Rxa7 Be4 25. Ra8+ Kxb7 26. Bxe4+ Nxe4 27.
Qxe4+ c6 28. bxc6+ 1-0

[Event "Eesti naiste MV"]
[Site "Tallinn"]
[Date "2005.05.13"]
[Round "6"]
[White "Kõrge, Kersti"]
[Black "Rõtova, Merike"]
[Result "1/2-1/2"]
[WhiteElo "1936"]
[BlackElo "1997"]
[PlyCount "54"]
[EventDate "2005.05.10"]
[EventType "tourn"]
[EventRounds "1"]
[EventCountry "EST"]
[SourceDate "2005.05.13"]

1. e4 c6 2. d4 d5 3. exd5 cxd5 4. Nf3 Nf6 5. Bb5+ Bd7 6. Bxd7+ Nbxd7 7. O-O g6
8. Nc3 Bg7 9. Bg5 O-O 10. Qe2 e6 11. h3 Qb6 12. Rab1 Rac8 13. Rfc1 a6 14. Qe3
Rfe8 15. Bh6 Bh8 16. Nd2 Qc6 17. Bf4 Nh5 18. Bh2 b5 19. a3 Nb6 20. Ne2 Nc4 21.
Nxc4 dxc4 22. c3 Qd5 23. f4 Nf6 24. Ng3 Bg7 25. Re1 Rcd8 26. Ne4 Nxe4 27. Qxe4
Qxe4 1/2-1/2

[Event "Eesti naiste MV"]
[Site "Tallinn"]
[Date "2005.05.13"]
[Round "6"]
[White "Vahtra, Tuuli"]
[Black "Makarova, Natalja"]
[Result "1-0"]
[WhiteElo "2007"]
[BlackElo "1915"]
[PlyCount "85"]
[EventDate "2005.05.10"]
[EventType "tourn"]
[EventRounds "1"]
[EventCountry "EST"]
[SourceDate "2005.05.13"]

1. d4 Nf6 2. Bg5 e6 3. e4 h6 4. Bxf6 Qxf6 5. Nc3 Bb4 6. Qd2 d6 7. a3 Ba5 8. f4
Nc6 9. Bb5 Bd7 10. Nge2 O-O-O 11. Bxc6 Bxc6 12. b4 Bb6 13. a4 a5 14. b5 Bd7 15.
O-O-O Qe7 16. Nb1 e5 17. Qd3 exf4 18. Nxf4 Qg5 19. g3 f5 20. Kb2 fxe4 21. Qxe4
Rde8 22. Qg6 Bf5 23. Qf7 Rhf8 24. Qc4 Be4 25. Rhe1 d5 26. Qc3 Qf6 27. Rf1 Qd6
28. Rfe1 g5 29. Nd3 Bf3 30. Rd2 Re4 31. Rxe4 dxe4 32. Nc5 Re8 33. Qe3 Qf6 34.
Nc3 Bxc5 35. dxc5 c6 36. b6 Bh1 37. Rf2 Qe6 38. Qd4 e3 39. Rf6 Qe5 40. Qg4+ Kb8
41. Rf7 Bd5 42. Rxb7+ Kxb7 43. Qd7+ 1-0

[Event "Eesti naiste MV"]
[Site "Tallinn"]
[Date "2005.05.13"]
[Round "6"]
[White "Käos, Kreete"]
[Black "Tsõganova, Monika"]
[Result "0-1"]
[WhiteElo "1872"]
[BlackElo "2266"]
[PlyCount "52"]
[EventDate "2005.05.10"]
[EventType "tourn"]
[EventRounds "1"]
[EventCountry "EST"]
[SourceDate "2005.05.13"]

1. d4 Nf6 2. c4 e6 3. Nc3 Bb4 4. Qc2 c5 5. Nf3 cxd4 6. Nxd4 O-O 7. Bg5 h6 8.
Bh4 Nc6 9. e3 Be7 10. Nxc6 bxc6 11. Bd3 d5 12. cxd5 cxd5 13. O-O Bb7 14. Rfd1
Rc8 15. Rac1 Ng4 16. Bxe7 Qxe7 17. Qe2 Ne5 18. Ba6 Nc4 19. Bxc4 Rxc4 20. e4 Qg5
21. h4 Qxh4 22. exd5 exd5 23. Nb5 Qg5 24. Rc3 d4 25. g3 dxc3 26. Qxc4 Qh5 0-1

[Event "Eesti naiste MV"]
[Site "Tallinn"]
[Date "2005.05.13"]
[Round "7"]
[White "Tsõganova, Monika"]
[Black "Narva, Regina"]
[Result "1-0"]
[WhiteElo "2266"]
[BlackElo "2106"]
[PlyCount "119"]
[EventDate "2005.05.10"]
[EventType "tourn"]
[EventRounds "1"]
[EventCountry "EST"]
[SourceDate "2005.05.13"]

1. d4 Nf6 2. Nf3 e6 3. c4 b6 4. a3 Bb7 5. Nc3 d5 6. cxd5 Nxd5 7. Qc2 Nxc3 8.
bxc3 Be7 9. e4 O-O 10. Bc4 c6 11. O-O Nd7 12. Bb2 b5 13. Bd3 Nb6 14. Rad1 g6
15. Bc1 Bf6 16. Bh6 Bg7 17. Qc1 Qe7 18. e5 a6 19. Bg5 f6 20. exf6 Bxf6 21. Rde1
Rae8 22. Bh6 Bg7 23. Bxg7 Qxg7 24. Ne5 Nd5 25. f4 Qh6 26. g3 Nf6 27. Nf3 c5 28.
Ng5 cxd4 29. cxd4 Bd5 30. Qd2 Qg7 31. Re2 Qd7 32. Rfe1 h6 33. Ne4 Nxe4 34. Bxe4
Kg7 35. h4 h5 36. Bb1 Rf6 37. Re5 Rd8 38. Qe3 Bb7 39. Rd1 Rc8 40. d5 b4 41.
axb4 Qa4 42. Qd3 Bxd5 43. Rg5 Qe8 44. Qd4 Rc4 45. Bxg6 Qxg6 46. Qa7+ Kh6 47.
Rxg6+ Rxg6 48. Qe3 Re4 49. Qc3 Kh7 50. Kf2 Rc4 51. Qe3 Rg7 52. Rd2 Rxb4 53. Qe5
Kh6 54. Rc2 Rc4 55. Qf6+ Kh7 56. Re2 Rc6 57. f5 Bc4 58. Re3 Rd6 59. fxe6 Rg6
60. Qe7+ 1-0

[Event "Eesti naiste MV"]
[Site "Tallinn"]
[Date "2005.05.13"]
[Round "7"]
[White "Makarova, Natalja"]
[Black "Käos, Kreete"]
[Result "1/2-1/2"]
[WhiteElo "1915"]
[BlackElo "1872"]
[PlyCount "108"]
[EventDate "2005.05.10"]
[EventType "tourn"]
[EventRounds "1"]
[EventCountry "EST"]
[SourceDate "2005.05.13"]

1. e4 e6 2. d4 d5 3. Nd2 Nf6 4. e5 Nfd7 5. Bd3 c5 6. c3 Nc6 7. Ne2 cxd4 8. cxd4
f6 9. exf6 Qxf6 10. Nf3 Bb4+ 11. Nc3 h6 12. O-O O-O 13. a3 Bd6 14. Be3 a6 15.
Qc2 Ne7 16. Rad1 Nf5 17. Bc1 b5 18. Rfe1 Nb6 19. b3 Bd7 20. Ne5 Rac8 21. Nxd7
Nxd7 22. Bxf5 exf5 23. Qd3 Nb6 24. Rd2 Qh4 25. h3 Qf4 26. g3 Qg5 27. Rde2 Qh5
28. Re6 Rfe8 29. Rxe8+ Rxe8 30. Rxe8+ Qxe8 31. Qxf5 Qe1+ 32. Kg2 Qxc3 33. Qe6+
Kh7 34. Qxd6 Nc8 35. Qf4 Ne7 36. Qe3 Qc7 37. Qd3+ Kg8 38. Bf4 Qc6 39. Qf3 Ng6
40. Be3 Ne7 41. Qh5 Kh7 42. Qe5 Ng6 43. Qf5 Kg8 44. f4 Ne7 45. Qd3 Qd7 46. g4
Qd6 47. Kf3 Qxa3 48. f5 Qa2 49. Bf2 Qa3 50. Bh4 Qd6 51. Qe3 Kf7 52. f6 Ng6 53.
Bg3 Qxf6+ 54. Kg2 Qe6 1/2-1/2

[Event "Eesti naiste MV"]
[Site "Tallinn"]
[Date "2005.05.13"]
[Round "7"]
[White "Rõtova, Merike"]
[Black "Vahtra, Tuuli"]
[Result "0-1"]
[WhiteElo "1997"]
[BlackElo "2007"]
[PlyCount "83"]
[EventDate "2005.05.10"]
[EventType "tourn"]
[EventRounds "1"]
[EventCountry "EST"]
[SourceDate "2005.05.13"]

1. d4 Nf6 2. e3 g6 3. f4 Bg7 4. Bd3 d6 5. Nf3 c5 6. c3 Nc6 7. O-O O-O 8. Nbd2
e5 9. fxe5 dxe5 10. Qc2 Nd5 11. Ne4 cxd4 12. exd4 exd4 13. Bg5 f6 14. Bh4 Kh8
15. Rfe1 dxc3 16. bxc3 Qc7 17. Bg3 Ne5 18. Nxe5 fxe5 19. Rab1 Bf5 20. Rb5 Nf4
21. Bf1 Rac8 22. Bf2 b6 23. Rb3 Nd5 24. c4 Nf6 25. Bd3 Nxe4 26. Bxe4 Qxc4 27.
Qxc4 Rxc4 28. Bxf5 gxf5 29. Ra3 Rc7 30. Bg3 f4 31. Bh4 h6 32. Rd3 Re8 33. Re4
Rc1+ 34. Be1 Re7 35. a4 Kh7 36. Kf2 Rec7 37. Kf3 R7c4 38. Bh4 Rf1+ 39. Ke2
Rxe4+ 40. Kxf1 Rxa4 41. Rd7 Kg6 42. g4 0-1

[Event "Eesti naiste MV"]
[Site "Tallinn"]
[Date "2005.05.13"]
[Round "7"]
[White "Fomina, Tatjana"]
[Black "Kõrge, Kersti"]
[Result "1-0"]
[WhiteElo "2260"]
[BlackElo "1936"]
[PlyCount "77"]
[EventDate "2005.05.10"]
[EventType "tourn"]
[EventRounds "1"]
[EventCountry "EST"]
[SourceDate "2005.05.13"]

1. e4 c5 2. Nf3 d6 3. Bc4 Nf6 4. Qe2 Nc6 5. c3 g6 6. O-O Bg7 7. d4 O-O 8. e5
dxe5 9. dxe5 Ng4 10. Bf4 e6 11. Nbd2 a6 12. Rad1 b5 13. h3 Nh6 14. Ne4 Qc7 15.
Bxh6 Bxh6 16. Nf6+ Kh8 17. Qe4 Bg7 18. Bb3 Nxe5 19. Nxe5 Bxf6 20. Nxg6+ hxg6
21. Qxa8 Kg7 22. Qe4 Bb7 23. Qe3 Qc6 24. f3 Bd8 25. Bc2 f5 26. Qe5+ Bf6 27. Qd6
Bd4+ 28. Rxd4 cxd4 29. Qxd4+ Kf7 30. Rd1 Bc8 31. Bb3 Qc7 32. a4 bxa4 33. Bxa4
e5 34. Bb3+ Kg7 35. Qd6 Qa7+ 36. Kh1 Re8 37. Qc6 Rh8 38. Rd6 Qe7 39. Rxg6+ 1-0

[Event "Eesti naiste MV"]
[Site "Tallinn"]
[Date "2005.05.13"]
[Round "7"]
[White "Gansvind, Valeria"]
[Black "Bashkite, Viktoria"]
[Result "1/2-1/2"]
[WhiteElo "2252"]
[BlackElo "2191"]
[PlyCount "123"]
[EventDate "2005.05.10"]
[EventType "tourn"]
[EventRounds "1"]
[EventCountry "EST"]
[SourceDate "2005.05.13"]

1. d4 d5 2. Bg5 c6 3. e3 Qb6 4. Qc1 Nd7 5. Nf3 h6 6. Bf4 Ngf6 7. h3 g6 8. c4
Bg7 9. Nc3 O-O 10. Be2 Re8 11. O-O Ne4 12. cxd5 Nxc3 13. Qxc3 cxd5 14. Rac1 Nf6
15. a4 Bd7 16. a5 Qe6 17. Qb4 b6 18. Ne5 bxa5 19. Qxa5 Nh5 20. Bg4 f5 21. Bf3
Nf6 22. Nxg6 Kh7 23. Ne5 Ne4 24. Nd3 Bc6 25. Rc2 a6 26. Qb6 Rec8 27. Rfc1 Bd7
28. Qxe6 Bxe6 29. Nc5 Bf7 30. Be2 a5 31. Bb5 Be8 32. Bxe8 Rxe8 33. Ne6 Ra7 34.
f3 Nf6 35. Be5 Kg8 36. Rc5 a4 37. Nxg7 Kxg7 38. Rxd5 Rb7 39. Rc2 Ra8 40. Rdc5
Kf7 41. Bxf6 Kxf6 42. Rc6+ Kf7 43. Rxh6 Rb3 44. Rhc6 Rxe3 45. R6c3 Re6 46. Rc5
Kf6 47. Rb5 Rd6 48. Rc4 a3 49. bxa3 Rxa3 50. Kf2 Rd3 51. g4 fxg4 52. hxg4 e6
53. Ke2 Ra3 54. Rb2 Rd8 55. Rbc2 Kg5 56. Kf2 Rb8 57. Kg3 Rbb3 58. Rf2 Rd3 59.
Rc6 Kf6 60. Rc4 Kg5 61. Rc8 Kf6 62. Rc4 1/2-1/2

[Event "Eesti naiste MV"]
[Site "Tallinn"]
[Date "2005.05.13"]
[Round "7"]
[White "Pärnpuu, Leili"]
[Black "Makarova, Kermen"]
[Result "1-0"]
[WhiteElo "2226"]
[BlackElo "1927"]
[PlyCount "73"]
[EventDate "2005.05.10"]
[EventType "tourn"]
[EventRounds "1"]
[EventCountry "EST"]
[SourceDate "2005.05.13"]

1. d4 Nf6 2. g3 g6 3. Bg2 Bg7 4. e4 d6 5. Nc3 O-O 6. Nge2 Nbd7 7. O-O e5 8. h3
Rb8 9. a4 a5 10. Be3 c6 11. f4 Re8 12. dxe5 dxe5 13. fxe5 Nxe5 14. Qxd8 Rxd8
15. Bb6 Re8 16. b3 Ra8 17. Rad1 Bd7 18. Bc7 b5 19. g4 Ra7 20. Bb6 Rb7 21. Bd4
b4 22. Nb1 Bc8 23. Bxe5 Rxe5 24. Nd2 Re8 25. Nc4 Nxe4 26. Bxe4 Rxe4 27. Rd8+
Bf8 28. Ng3 Rxc4 29. bxc4 Be6 30. Ne4 Kg7 31. c5 b3 32. cxb3 Bxb3 33. Nd6 Bxd6
34. cxd6 Bxa4 35. Ra1 Rb4 36. d7 c5 37. Rxa4 1-0

[Event "Eesti naiste MV"]
[Site "Tallinn"]
[Date "2005.05.13"]
[Round "8"]
[White "Narva, Regina"]
[Black "Makarova, Kermen"]
[Result "1-0"]
[WhiteElo "2106"]
[BlackElo "1927"]
[PlyCount "101"]
[EventDate "2005.05.10"]
[EventType "tourn"]
[EventRounds "1"]
[EventCountry "EST"]
[SourceDate "2005.05.13"]

1. e4 c5 2. f4 Nc6 3. Nf3 g6 4. Nc3 Bg7 5. g3 e6 6. Bg2 Nge7 7. O-O d6 8. d3
O-O 9. Ne2 b5 10. c3 b4 11. a3 bxc3 12. bxc3 Ba6 13. Ra2 Rb8 14. Be3 Qc7 15.
Qc2 Rb7 16. g4 Rfb8 17. Nd2 f5 18. h3 fxe4 19. Nxe4 Nd5 20. Bd2 Rf8 21. Ng5 Qd7
22. f5 Nc7 23. Nxe6 Nxe6 24. Bd5 Kh8 25. Bxe6 Qe8 26. Nf4 gxf5 27. Bxf5 Be5 28.
Bc1 Rbf7 29. Ne6 Rg8 30. Ng5 Rfg7 31. Nf3 Bf6 32. Re1 Qd8 33. Bh6 Re7 34. Raa1
Ne5 35. Nxe5 Bxe5 36. Be3 Qe8 37. d4 Bg3 38. Bf2 Bxf2+ 39. Qxf2 c4 40. Rxe7
Qxe7 41. Re1 Qf6 42. Re6 Qf8 43. Qh4 Rg7 44. Qf6 Qxf6 45. Rxf6 Re7 46. Rxd6 Bb5
47. Re6 Rb7 48. d5 Bd7 49. Re7 Bc6 50. Rxb7 Bxb7 51. d6 1-0

[Event "Eesti naiste MV"]
[Site "Tallinn"]
[Date "2005.05.14"]
[Round "8"]
[White "Bashkite, Viktoria"]
[Black "Pärnpuu, Leili"]
[Result "1/2-1/2"]
[WhiteElo "2191"]
[BlackElo "2226"]
[PlyCount "25"]
[EventDate "2005.05.10"]
[EventType "tourn"]
[EventRounds "1"]
[EventCountry "EST"]
[SourceDate "2005.05.13"]

1. c4 e5 2. Nc3 Nc6 3. g3 g6 4. Bg2 Bg7 5. e3 f5 6. Nge2 Nf6 7. d4 d6 8. d5 Ne7
9. b3 O-O 10. O-O g5 11. f4 gxf4 12. exf4 e4 13. Be3 1/2-1/2

[Event "Eesti naiste MV"]
[Site "Tallinn"]
[Date "2005.05.14"]
[Round "8"]
[White "Kõrge, Kersti"]
[Black "Gansvind, Valeria"]
[Result "0-1"]
[WhiteElo "1936"]
[BlackElo "2252"]
[PlyCount "66"]
[EventDate "2005.05.10"]
[EventType "tourn"]
[EventRounds "1"]
[EventCountry "EST"]
[SourceDate "2005.05.13"]

1. e4 g6 2. d4 Bg7 3. Nc3 d6 4. Nf3 c6 5. Be2 b5 6. O-O a6 7. a3 Nd7 8. Be3 Qc7
9. Qd2 Bb7 10. Ne1 c5 11. Nd5 Bxd5 12. exd5 Ngf6 13. dxc5 Nxc5 14. Bxc5 Qxc5
15. Bf3 Nd7 16. Nd3 Qc7 17. c3 O-O 18. Rfe1 Ne5 19. Nxe5 Bxe5 20. g3 Rab8 21.
Bg2 Qb6 22. Qe3 Qxe3 23. Rxe3 Rfc8 24. f4 Bf6 25. Kf2 a5 26. Rb1 b4 27. axb4
axb4 28. cxb4 Bd4 29. Kf3 Bxe3 30. Kxe3 Rxb4 31. Kd3 Rc5 32. Kd2 Rb3 33. Be4
Kg7 0-1

[Event "Eesti naiste MV"]
[Site "Tallinn"]
[Date "2005.05.14"]
[Round "8"]
[White "Vahtra, Tuuli"]
[Black "Fomina, Tatjana"]
[Result "0-1"]
[WhiteElo "2007"]
[BlackElo "2260"]
[PlyCount "60"]
[EventDate "2005.05.10"]
[EventType "tourn"]
[EventRounds "1"]
[EventCountry "EST"]
[SourceDate "2005.05.13"]

1. e3 d5 2. f4 Nc6 3. Nf3 Bg4 4. Bb5 a6 5. Bxc6+ bxc6 6. h3 Bc8 7. O-O Nf6 8.
Ne5 Bb7 9. d4 e6 10. Nd2 Bd6 11. Nb3 Rb8 12. Qf3 Ne4 13. Bd2 O-O 14. Nd3 Qe7
15. a3 Nxd2 16. Nxd2 c5 17. Nf2 a5 18. Nb3 Ba6 19. Rfb1 a4 20. dxc5 Bxc5 21.
Nd4 Rb6 22. Nd1 Rfb8 23. Qf2 e5 24. fxe5 Qxe5 25. Nc3 Rf6 26. Qd2 c6 27. b4
axb3 28. cxb3 Re8 29. Re1 Qg3 30. Kh1 Rf2 0-1

[Event "Eesti naiste MV"]
[Site "Tallinn"]
[Date "2005.05.14"]
[Round "8"]
[White "Käos, Kreete"]
[Black "Rõtova, Merike"]
[Result "0-1"]
[WhiteElo "1872"]
[BlackElo "1997"]
[PlyCount "66"]
[EventDate "2005.05.10"]
[EventType "tourn"]
[EventRounds "1"]
[EventCountry "EST"]
[SourceDate "2005.05.13"]

1. d4 Nf6 2. c4 e5 3. d5 d6 4. Bg5 g6 5. Nc3 Bf5 6. Nf3 Bg7 7. e3 O-O 8. Bd3
Qc8 9. e4 Bd7 10. O-O Na6 11. Rc1 Nc5 12. Bb1 a5 13. Be3 b6 14. Nd2 Ng4 15. Bg5
h6 16. Bh4 Nf6 17. Bg3 Nh5 18. Ne2 Kh7 19. f3 Nxg3 20. Nxg3 h5 21. f4 exf4 22.
Rxf4 Be5 23. Rh4 Bg4 24. Qe1 Qd8 25. Nxh5 Bxh5 26. g4 Bf6 27. Rxh5+ gxh5 28.
e5+ Kh6 29. exf6 Qxf6 30. Ne4 Qd4+ 31. Kh1 Nxe4 32. Bxe4 Rae8 33. g5+ Kg7 0-1

[Event "Eesti naiste MV"]
[Site "Tallinn"]
[Date "2005.05.14"]
[Round "8"]
[White "Tsõganova, Monika"]
[Black "Makarova, Natalja"]
[Result "1-0"]
[WhiteElo "2266"]
[BlackElo "1915"]
[PlyCount "47"]
[EventDate "2005.05.10"]
[EventType "tourn"]
[EventRounds "1"]
[EventCountry "EST"]
[SourceDate "2005.05.13"]

1. d4 Nf6 2. c4 e6 3. Nf3 c5 4. e3 d6 5. Nc3 g6 6. Be2 b6 7. dxc5 bxc5 8. e4
Nc6 9. O-O Bg7 10. e5 Nxe5 11. Nxe5 dxe5 12. Qxd8+ Kxd8 13. Rd1+ Ke7 14. Be3
Nd7 15. Na4 Rd8 16. Rd2 a5 17. Rad1 Bb7 18. Nxc5 Bc6 19. Bf3 Bxf3 20. Rxd7+
Rxd7 21. Rxd7+ Ke8 22. gxf3 Bf8 23. Rb7 Bxc5 24. Bxc5 1-0